GOD in Islam
Uloženo v:
| Hlavní autor: | |
|---|---|
| Médium: | Kniha |
| Jazyk: | angličtina |
| Vydáno: |
Discovery Publishers
2014
|
| Tagy: |
Přidat tag
Žádné tagy, Buďte první, kdo vytvoří štítek k tomuto záznamu!
|
MARC
| LEADER | 00000nam a22000007a 4500 | ||
|---|---|---|---|
| 008 | 210419b ||||| |||| 00| 0 eng d | ||
| 020 | |a : 978-93-5056-490-5 | ||
| 100 | |a Mohd. Mazhar | ||
| 245 | |a GOD in Islam |c Mazhar, Mohd. | ||
| 250 | |c Mohd. Mazhar | ||
| 260 | |b Discovery Publishers |c 2014 |h New Delhi: |i 691404 – Art 691405 |l BP166.2 .G54 |m God (Islam) – Proof | ||
| 500 | |a “Includes bibliography and Index | ||
| 942 | |a lcc |c BK |e Mr ogunleye |f 19/4/2021 | ||
| 952 | |0 0 |1 0 |2 lcc |4 0 |6 BP01662 G54 |7 0 |9 2180 |a HOL |b ART |d 2021-04-19 |l 0 |o BP166.2 .G54 |p 2021-6034 |r 2021-04-19 00:00:00 |w 2021-04-19 |y BK | ||
| 952 | |0 0 |1 0 |2 lcc |4 0 |7 0 |9 2182 |a HOL |b HOL |d 2021-04-19 |o BP166.2 .G54 |p 2021-6036 |r 2021-04-19 00:00:00 |w 2021-04-19 |y BK | ||
| 999 | |c 1136 |d 1136 | ||